<The> politics of language and nationalism in modern Central Europe
Enregistré dans:
| Auteur principal: | |
|---|---|
| Format: | Livre |
| Langue: | anglais |
| Publié: |
Houndmills
Palgrave Macmillan
2009
|
| Sujets: | |
| Tags: |
Pas de tags, Soyez le premier à ajouter un tag!
|
MARC
| LEADER | 00000nam$a2200000$$$4500 | ||
|---|---|---|---|
| 001 | 0113582 | ||
| 005 | 20221207101237.5 | ||
| 020 | |a 978-0-230-55070-4 | ||
| 020 | |a 0-230-55070-3 | ||
| 041 | 0 | |a eng | |
| 044 | |a GB | ||
| 245 | 1 | 0 | |a <The> politics of language and nationalism in modern Central Europe |c Tomasz Kamusella |
| 264 | 1 | |a Houndmills |b Palgrave Macmillan |c 2009 | |
| 300 | |a 1140 s. | ||
| 610 | 2 | 0 | |a história |
| 610 | 2 | 0 | |a politika |
| 610 | 2 | 0 | |a spoločnosť |
| 610 | 2 | 0 | |a národ |
| 610 | 2 | 0 | |a jazyk štátny |
| 610 | 2 | 0 | |a vláda |
| 610 | 2 | 0 | |a nacionalizmus |
| 610 | 2 | 0 | |a hnutie národnooslobodzovacie |
| 610 | 2 | 0 | |a stredná Európa |
| 610 | 2 | 0 | |a Slovensko |
| 100 | 1 | |a Kamusella, Tomasz | |